[Event "Chinese Teams 2013"]
[Site "Tianjin CHN"]
[Date "2013.12.21"]
[Round "19.1"]
[White "Gao Rui"]
[Black "Liu,Chang"]
[Result "1/2-1/2"]
[WhiteElo "2462"]
[BlackElo "2349"]

1.e4 d6 2.d4 g6 3.Nc3 Bg7 4.f4 a6 5.Nf3 b5 6.Bd3 Bb7 7.e5 e6 8.a4 b4 9.Ne4 a5
10.O-O Ne7 11.Bb5+ Nbc6 12.c4 O-O 13.Nf6+ Kh8 14.d5 exd5 15.cxd5 Na7 16.Bc4 Nac8
17.Ng5 Nb6 18.Nfxh7 Nxc4 19.Qd3 Qc8 20.e6 f5 21.Nxf8 Qxf8 22.Qxc4 Ba6 23.Qb3 Bxf1
24.Nf7+ Kg8 25.Kxf1 c6 26.dxc6 Rc8 27.Be3 Rxc6 28.Re1 Qc8 29.Bf2 Rc2 30.Bh4 Bd4
31.Re2 Rc1+ 32.Be1 Qa6 33.Ng5 Kf8 34.h4 Ba7 35.Nf3 d5 36.Ne5 Kg7 37.h5 Qb6
38.Nf3 gxh5 39.g3 Qa6 40.Ne5 Qb6 41.Nf3 Qa6 42.Ne5 Qb6 43.Nf3  1/2-1/2

[Event "20th Zadar Open A 2013"]
[Site "Zadar CRO"]
[Date "2013.12.21"]
[Round "9.13"]
[White "Matko,O"]
[Black "Rukavina,J"]
[Result "1-0"]
[WhiteElo "2267"]
[BlackElo "2407"]

1.d4 g6 2.e4 Bg7 3.Nc3 d6 4.g3 Nc6 5.Be3 e5 6.dxe5 Nxe5 7.h3 Nf6 8.f4 Ned7
9.Bg2 O-O 10.Nge2 Re8 11.Qd3 a6 12.O-O-O Rb8 13.Ba7 Ra8 14.Bf2 Rb8 15.g4 h6
16.Ba7 Ra8 17.Bf2 Bf8 18.Ng3 c6 19.Rhe1 Qa5 20.Kb1 Qc7 21.Qd2 b5 22.g5 hxg5
23.fxg5 Nh7 24.h4 Ne5 25.h5 Bg4 26.hxg6 fxg6 27.Nce2 Rad8 28.Rh1 Rd7 29.b3 Rf7
30.Be3 Be7 31.Rh6 Bf8 32.Rh4 Be7 33.Rdh1 Ref8 34.Nd4 Qc8 35.Ndf5 gxf5 36.exf5 Bf6
37.g6 Bxh4 38.gxf7+ Rxf7 39.Rxh4 Qd8 40.Rh6 d5 41.Rg6+ Nxg6 42.fxg6 Rf8 43.gxh7+ Kxh7
44.Qd3+  1-0

[Event "WYCC U16 Girls 2013"]
[Site "Al-Ain UAE"]
[Date "2013.12.22"]
[Round "6.32"]
[White "Golubeva,Marija"]
[Black "Tursunova,Shakhnoza"]
[Result "1-0"]
[WhiteElo "1825"]
[BlackElo "1937"]

1.e4 g6 2.d4 Bg7 3.Nc3 d6 4.Be3 a6 5.Be2 c6 6.Qd2 Nd7 7.f4 b5 8.Nf3 Qc7 9.O-O Ngf6
10.e5 Ng4 11.Ng5 Nxe3 12.Qxe3 e6 13.Nce4 dxe5 14.fxe5 O-O 15.Nxh7 Rd8 16.Nhg5 Nxe5
17.dxe5 Qa7 18.Qxa7 Rxa7 19.Nf6+ Kf8 20.Rad1 Bd7 21.Nxd7+ Rdxd7 22.Rxd7 Rxd7
23.Nxe6+ Kg8 24.Nxg7 Kxg7 25.Bf3 Rd2 26.Rf2 Rd7 27.Bxc6 Rd1+ 28.Rf1 Rd2 29.Be8 Rxc2
30.Bxf7 Rxb2 31.Bb3 Re2 32.Rf7+  1-0

[Event "Al-Ain Classic Open A 2013"]
[Site "Al-Ain UAE"]
[Date "2013.12.26"]
[Round "7.16"]
[White "Kovalev,Vl"]
[Black "Erdogdu,M"]
[Result "1-0"]
[WhiteElo "2574"]
[BlackElo "2426"]

1.e4 d6 2.d4 g6 3.Nc3 Bg7 4.Be3 c6 5.a4 a5 6.h3 Nd7 7.Nge2 e5 8.g3 Ngf6 9.Bg2 O-O
10.O-O Re8 11.f4 exf4 12.Bxf4 Nf8 13.Qd2 Ne6 14.Be3 d5 15.exd5 Nxd5 16.Nxd5 cxd5
17.Rf2 Ra6 18.Raf1 Re7 19.g4 Rd6 20.c3 b6 21.Nf4 Ba6 22.Nd3 Qe8 23.b3 Rdd7
24.Re1 f6 25.Rfe2 Bf8 26.Bf2 Bxd3 27.Qxd3 Nf4 28.Rxe7 Bxe7 29.Qb5 Qd8 30.Bg3 Nxg2
31.Kxg2 Kg7 32.Re6 Bd6 33.Bh4 g5 34.Be1 Bc7 35.Kf3 Kf7 36.Re2 Re7 37.Rxe7+ Kxe7
38.Qd3 Qd6 39.Qxh7+ Kf8 40.Qh8+ Ke7 41.Qh7+ Kf8 42.Qf5 Kg7 43.h4 gxh4 44.Bxh4 Qc6
45.Ke2 Bd8 46.Bf2 b5 47.axb5 Qxb5+ 48.c4 Qe8+ 49.Kf3 dxc4 50.bxc4 Qc6+ 51.d5 Qb7
52.c5 a4 53.c6 Qe7 54.g5 Qd6 55.Bd4 a3 56.gxf6+ Kf8 57.Qg5  1-0

[Event "WYCC U16 Girls 2013"]
[Site "Al-Ain UAE"]
[Date "2013.12.26"]
[Round "9.15"]
[White "Wafa,Shahenda"]
[Black "Bagirova,K"]
[Result "1-0"]
[WhiteElo "1883"]
[BlackElo "1838"]

1.e4 g6 2.d4 Bg7 3.Nc3 d6 4.f4 Nf6 5.Nf3 O-O 6.Bd3 Na6 7.O-O c5 8.d5 Bg4
9.Qe1 Nc7 10.Qh4 Bxf3 11.Rxf3 e6 12.dxe6 fxe6 13.f5 Nd7 14.Bg5 Bf6 15.fxg6 hxg6
16.Bxf6 Nxf6 17.Qg5 Qe7 18.Raf1 Nce8 19.e5 dxe5 20.Ne4  1-0

[Event "Al-Ain Classic Open A 2013"]
[Site "Al-Ain UAE"]
[Date "2013.12.27"]
[Round "8.35"]
[White "Dauletova,G"]
[Black "Safranska,A"]
[Result "1/2-1/2"]
[WhiteElo "2214"]
[BlackElo "2291"]

1.e4 g6 2.d4 Bg7 3.Nc3 d6 4.Be3 a6 5.a4 Nf6 6.h3 Nc6 7.Nf3 O-O 8.Bc4 e5 9.O-O h6
10.Qd2 Kh7 11.dxe5 dxe5 12.Qxd8 Nxd8 13.Rad1 Ne6 14.Nxe5 Nxe4 15.Nxg6 fxg6
16.Nxe4 Bxb2 17.Bxe6 Bxe6 18.Nc5 Bc8 19.Rb1 Ba3 20.Nxb7 Rf5 21.Rb3 Bf8 22.Rd1 Rb8
23.Rd8 Ra8 24.g4 Rf7 25.Na5 Bg7 26.Nc6 Bf6 27.Re8 Bb7 28.Re6 Bc8 29.Re8 Bb7
30.Rxa8 Bxa8 31.Nb4 a5 32.Nd3 Bc6 33.Nc5 Be7 34.Rc3 Bd6 35.Nb3 Bxa4 36.Nxa5 h5
37.Nc6 Bb5 38.Kg2 hxg4 39.hxg4 Be2 40.g5 Bf3+ 41.Kf1 Rd7 42.Bd4 Be4 43.Rh3+ Kg8
44.Rh8+ Kf7 45.Nd8+ Rxd8 46.Rxd8 Bxc2 47.Ke2 Ke6 48.Be3 Kf5 49.Ra8 Be4 50.Ra5+ Ke6
51.f3 Bd5 52.Kf2 c6 53.Ra8 Kf5 54.f4 Kg4 55.Ra1 Kf5 56.Ra4 Bc7 57.Kg3 Bd6
58.Bc1 Be4 59.Ra7 Bd5 60.Bd2 Bc4 61.Rd7 Ke6 62.Rd8 Ke7 63.Rc8 Kd7 64.Rh8 Ke6
65.Bc3 Kf5 66.Be5 Bb4 67.Rb8 Bc5 68.Rd8 Be7 69.Re8 Bb4 70.Ra8 Bd5 71.Bc7 Be1+
72.Kh3 Bb4 73.Re8 Be6 74.Kg3 Bc5 75.Ra8 Bd5 76.Rd8 Bb4 77.Bd6 Bc3 78.Rf8+ Ke6
79.Bc5 Be4 80.Rd8 Kf5 81.Bd6 Bd5 82.Be5 Be1+ 83.Kh3 Bb4 84.Bc7 Bc5 85.Re8 Be6
86.Rb8 Bd5 87.Kg3 Ba3 88.Rd8 Bb4 89.Bd6 Be1+ 90.Kh3 Bc3 91.Rf8+ Ke4 92.Re8+ Kf5
93.Kg3 Be6 94.Kf3 Bd5+ 95.Ke3 Bb2 96.Rf8+ Kg4 97.Bc7 Be6 98.Be5 Bc1+ 99.Ke4 Bd5+
100.Kd4 Be6 101.Ke4 Bd5+ 102.Kd4 Be6 103.Rf6 Bf5 104.Rxc6 Bxf4 105.Bxf4 Kxf4
106.Rc1 Kxg5 107.Ke5 Kg4 108.Rc3 Bb1 109.Ra3 Bf5 110.Rb3 Bd7 111.Rb4+ Kg5
112.Rd4 Bf5 113.Rf4 Bb1 114.Rf1 Bf5 115.Rg1+ Kh6 116.Kf6 Kh5 117.Ke5 Kh6
118.Kf6 Kh5 119.Rg2 Kh4 120.Ke5 Kh5 121.Rh2+ Kg4  1/2-1/2

[Event "22nd Donau Open 2013"]
[Site "Aschach AUT"]
[Date "2013.12.27"]
[Round "2.4"]
[White "Konrad,E"]
[Black "Neuman,P"]
[Result "0-1"]
[WhiteElo "2192"]
[BlackElo "2496"]

1.e4 g6 2.d4 Bg7 3.Nc3 d6 4.Nf3 a6 5.a4 b6 6.Bc4 e6 7.Bg5 Ne7 8.Qd2 h6 9.Be3 Bb7
10.O-O Nd7 11.Qd3 O-O 12.Rfe1 Nf6 13.Ba2 Nc6 14.Qd2 Kh7 15.h3 Ne7 16.Bf4 g5
17.Bh2 Ng6 18.g4 Nd7 19.Qd3 e5 20.d5 Rh8 21.Ne2 Kg8 22.Ng3 Nf4 23.Qf1 h5
24.Nf5 hxg4 25.hxg4 Nh3+ 26.Kh1 Nf6 27.Qg2 Nxg4 28.Rf1 Nxh2 29.Nxh2 Bc8  0-1

[Event "30th Boeblinger Open 2013"]
[Site "Boeblingen GER"]
[Date "2013.12.27"]
[Round "3.7"]
[White "Schneider,Bernd2"]
[Black "Eisenbeiser,A"]
[Result "1-0"]
[WhiteElo "2240"]
[BlackElo "2341"]

1.e4 d6 2.d4 g6 3.Nc3 Bg7 4.Bg5 a6 5.f4 Nd7 6.Be2 c5 7.d5 b5 8.Qd2 Ngf6 9.Bf3 O-O
10.Nge2 Nb6 11.O-O Nc4 12.Qc1 Ra7 13.b3 Nb6 14.Rb1 b4 15.Nd1 a5 16.c4 bxc3
17.Ndxc3 Ba6 18.Qd2 Ne8 19.Rfe1 Qc7 20.Kh1 Qd7 21.h3 Nc7 22.Rbd1 Rb8 23.Qe3 a4
24.e5 f6 25.Bg4 Qe8 26.Bh4 fxe5 27.fxe5 Bxe2 28.Rxe2 Bxe5 29.Bg3 Bd4 30.Rxd4 cxd4
31.Qxd4 Qf7 32.Bh4 Qg7 33.Qxg7+ Kxg7 34.Rxe7+ Kf8 35.Rxh7 Kg8 36.Re7 Rbb7
37.Bf6 axb3 38.axb3 Kf8 39.Rh7 Ncxd5 40.Rh8+ Kf7 41.Nxd5 Nxd5 42.Bd4 Nf6
43.Bf3 d5 44.Bxa7 Rxa7 45.Bxd5+ Kg7 46.Ra8 Rd7 47.Bf3 g5 48.Rb8 Kg6 49.b4 g4
50.hxg4 Kg5 51.Rb5+ Kf4 52.g5 Nh5 53.Rd5 Re7 54.Kh2  1-0

[Event "VII Stadium Casablanca Open 2013"]
[Site "Zaragoza ESP"]
[Date "2013.12.27"]
[Round "2.14"]
[White "Portela Peleteiro,A"]
[Black "Vassallo Barroche,M"]
[Result "0-1"]
[WhiteElo "2001"]
[BlackElo "2407"]

1.e4 g6 2.d4 Bg7 3.Nc3 d6 4.f4 a6 5.Nf3 b5 6.Bd3 Bb7 7.O-O Nd7 8.e5 Nh6 9.Ne4 Nb6
10.h3 O-O 11.c3 Qd7 12.Qe1 f6 13.g4 f5 14.Neg5 Bd5 15.e6 Qc6 16.Qh4 Bc4 17.Bxc4 Qxc4
18.Nf7 Nxf7 19.exf7+ Rxf7 20.Ng5 Bf6 21.Qh6 Bxg5 22.Qxg5 Nd5 23.Rf2 Qd3 24.Kh2 Nf6
25.Rg2 Ne4 26.Qh6 e6 27.b3 Qf3 28.d5 Re8 29.a4 fxg4 30.hxg4 Nf6 31.Qg5 exd5
32.Raa2 Re1 33.Raf2 Qd1  0-1

[Event "51st Groningen Open A 2013"]
[Site "Groningen NED"]
[Date "2013.12.28"]
[Round "7.37"]
[White "Schippers,Maurice"]
[Black "Khelaia,G"]
[Result "1-0"]
[WhiteElo "2216"]
[BlackElo "2110"]

1.e4 g6 2.d4 Bg7 3.Nc3 d6 4.Be3 c6 5.Nf3 Nd7 6.a4 Ngf6 7.h3 O-O 8.Bd3 e5
9.O-O Qc7 10.Re1 Re8 11.dxe5 Nxe5 12.Be2 Be6 13.Nd4 Bc4 14.f4 Bxe2 15.Qxe2 Ned7
16.Qf3 Nc5 17.Bf2 a5 18.g4 Nfd7 19.Rad1 Rad8 20.Bh4 Ra8 21.Kg2 Qb6 22.b3 Qc7
23.Ndb5 cxb5 24.Nxb5 Qb8 25.Nxd6 Re6 26.e5 Bf8 27.Nxf7 Kxf7 28.f5 gxf5 29.Qxf5+ Ke8
30.Qh5+ Rg6 31.e6 Nf6 32.e7 Ncd7 33.Bxf6 Nxf6 34.Rd8+ Qxd8 35.exd8=Q+ Kxd8
36.Rd1+ Nd7 37.Qxh7 Rd6 38.Rxd6 Bxd6 39.Qg8+ Bf8 40.g5 Rc8 41.c4 Kc7 42.g6 Bd6
43.Qd5 Be5 44.Qxa5+ b6 45.Qa7+ Kd6 46.Qb7 Rc5 47.h4 Bf6 48.Qe4 Re5 49.Qg4 Bg7
50.Qf4 Nc5 51.b4 Ne6 52.Qg4 Bh6 53.Qd1+ Kc7 54.Kf3 Re3+ 55.Kg4 Re4+ 56.Kf5 Rd4
57.Qe2 Ng7+ 58.Ke5 Rd8 59.Qh2 Rd2 60.Qg3 Kd7 61.Qg4+ Ke7 62.c5 bxc5 63.bxc5 Ne8
64.Qe6+ Kd8 65.Qb6+ Ke7 66.c6 Re2+ 67.Kd5 Rd2+ 68.Ke4 Nd6+ 69.Kf3 Rd3+ 70.Kg4 Be3
71.Qc7+ Ke6 72.g7 Rd4+ 73.Kf3  1-0

[Event "VII Stadium Casablanca Open 2013"]
[Site "Zaragoza ESP"]
[Date "2013.12.28"]
[Round "4.11"]
[White "Lillo Castay,V"]
[Black "Banos,O"]
[Result "0-1"]
[WhiteElo "2324"]
[BlackElo "2207"]

1.e4 g6 2.d4 d6 3.Nc3 Bg7 4.Be3 a6 5.Qd2 Nd7 6.O-O-O b5 7.f3 Bb7 8.g4 c5
9.dxc5 Nxc5 10.Kb1 Rc8 11.h4 Qa5 12.Bd4 Nf6 13.g5 Nh5 14.Bh3 Ne6 15.Bxg7 Nhxg7
16.Nge2 Rc5 17.Ng3 b4 18.Nce2 O-O 19.f4 Rfc8 20.f5 Rxc2 21.Qd3 Qe5 22.Nd4 Nxd4
23.Qxd4 Qxg3 24.fxg6 R8c4 25.Qb6 Rxb2+  0-1

[Event "51st Groningen Open A 2013"]
[Site "Groningen NED"]
[Date "2013.12.29"]
[Round "8.29"]
[White "Van Osch,Mees"]
[Black "Pel,B"]
[Result "1-0"]
[WhiteElo "2139"]
[BlackElo "2313"]

1.e4 d6 2.d4 g6 3.Nc3 Bg7 4.Be3 a6 5.h4 h5 6.Nh3 b5 7.Bd3 Nd7 8.O-O c5 9.dxc5 Nxc5
10.Ng5 Bb7 11.a4 b4 12.Na2 Nh6 13.Nxb4 Bxb2 14.Rb1 Bg7 15.Qe2 Nxd3 16.Nxd3 Bc6
17.Bb6 Qd7 18.e5 dxe5 19.Nxe5 Bxe5 20.Qxe5 O-O 21.Rfe1 Nf5 22.Red1 Qc8 23.Qf4 Qe8
24.a5 Ba4 25.Rdc1 Rc8 26.c3 Bb5 27.c4 Bc6 28.Re1 Ba8 29.c5 Qc6 30.f3 Qf6
31.Rbd1 Bc6 32.Rd2 Rfe8 33.Re5 Nxh4 34.Qxf6 exf6 35.Rxe8+ Rxe8 36.Ne4 Re6
37.Bd8 f5 38.Ng5 Re1+ 39.Kf2 Re5 40.Bf6 Rd5 41.Rxd5 Bxd5 42.g3 Nxf3 43.Nxf3 Kf8
44.Ne5  1-0

[Event "51st Groningen Open A 2013"]
[Site "Groningen NED"]
[Date "2013.12.29"]
[Round "8.43"]
[White "Calzetta Ruiz,M"]
[Black "Khelaia,G"]
[Result "1-0"]
[WhiteElo "2234"]
[BlackElo "2110"]

1.e4 g6 2.d4 Bg7 3.Nc3 d6 4.Be3 c6 5.Qd2 b5 6.Bd3 Nd7 7.Nf3 Nb6 8.h3 Nf6
9.Bh6 O-O 10.Bxg7 Kxg7 11.b3 a6 12.a4 b4 13.Ne2 a5 14.Ng3 h6 15.O-O Qc7 16.c3 c5
17.cxb4 axb4 18.Rac1 Ne8 19.Rfe1 e5 20.dxe5 dxe5 21.Qe3 Ra5 22.Bb5 Nd7 23.Red1 f6
24.Nh4 Rh8 25.Ngf5+ gxf5 26.Qg3+ Kf7 27.Bc4+ Ke7 28.Ng6+ Kd8 29.Nxh8 f4 30.Qg8 Bb7
31.Bf7  1-0

[Event "10th Vandoeuvre Open"]
[Site "Vandoeuvre les Nancy FRA"]
[Date "2013.12.29"]
[Round "7.3"]
[White "Fedorchuk,S"]
[Black "Haub,TM"]
[Result "1-0"]
[WhiteElo "2660"]
[BlackElo "2437"]

1.e4 g6 2.d4 Bg7 3.Nc3 d6 4.Be3 a6 5.Qd2 Nd7 6.h4 h6 7.O-O-O b5 8.Nh3 Nb6
9.Nf4 e6 10.Bd3 Ne7 11.Kb1 Bb7 12.Nce2 Qd7 13.Nc1 a5 14.Nfe2 a4 15.a3 d5
16.Nc3 Nc4 17.Bxc4 bxc4 18.f3 O-O-O 19.N1a2 Kb8 20.Rhe1 Nc8 21.exd5 exd5
22.Bf4 Nb6 23.Ne2 Qb5 24.Nac3 Qd7 25.Na2 Qb5 26.Ng3 Bc8 27.Nb4 Be6 28.Be5 Bxe5
29.Rxe5 Kb7 30.Ne4 Nd7 31.Nc3 Qa5 32.Re2 Nb8 33.Rde1 Rd6 34.Qf4 Na6 35.Nba2 Rb8
36.Qxh6 Ka8 37.Qd2 Rdb6 38.Nd1 Qb5 39.Nac3 Qd7 40.Ka1 Qd6 41.Ka2 R6b7 42.Re5 c5
43.dxc5 Nxc5 44.Rxd5 Bxd5 45.Qxd5 Qxd5 46.Nxd5 Ne6 47.Re4 Rb5 48.N5c3 Rc5
49.Nxa4 Rd5 50.Re1 Rd4 51.g3 Rd2 52.Ne3 Rf2 53.Nxc4 Rxf3 54.Re3 Rxe3 55.Nxe3 Nd4
56.c4 Re8 57.Nb6+ Ka7 58.Nbd5 f5 59.c5 Ne2 60.b4 Nxg3 61.Nc4 f4 62.b5 f3
63.b6+ Kb8 64.c6 f2 65.c7+ Ka8 66.b7+ Kxb7 67.Nd6+ Kc6 68.Nxe8 Kxd5 69.c8=Q f1=Q
70.Qd7+ Kc5 71.Qd6+ Kc4 72.Qc7+ Kd4 73.Qb6+ Kc4 74.Qb4+ Kd5 75.Nc7+ Ke5 76.Qc3+ Kf5
77.Qxg3 Qe2+ 78.Kb3 Qd1+ 79.Kb4 Qd4+ 80.Kb5  1-0

[Event "2nd Gurgaon Open 2014"]
[Site "Gurgaon IND"]
[Date "2014.01.03"]
[Round "4.5"]
[White "Nitin,S"]
[Black "Sanikidze,T"]
[Result "1-0"]
[WhiteElo "2331"]
[BlackElo "2541"]

1.e4 d6 2.d4 g6 3.Nc3 Bg7 4.Be3 c6 5.Qd2 Nd7 6.h3 b5 7.Nf3 Bb7 8.Bd3 a6 9.a4 Qc7
10.O-O Ngf6 11.Rfe1 b4 12.Na2 c5 13.Bh6 Bxh6 14.Qxh6 c4 15.e5 dxe5 16.dxe5 Nd5
17.e6 cxd3 18.exd7+ Qxd7 19.Ne5 Qf5 20.Nxd3 a5 21.Nac1 Nc7 22.Nb3 Bd5 23.Nd4 Qf6
24.Nb5 Nxb5 25.axb5 e6 26.Nf4 Bb7 27.Rad1 Rc8 28.Nh5 Qxb2 29.Ng7+ Ke7 30.Qg5+ f6
31.Rxe6+ Kf7 32.Rd7+ Kg8 33.Qe3 Qa1+ 34.Kh2  1-0

[Event "26th Staufer-Open A 2014"]
[Site "Schwaebisch Gmuend GER"]
[Date "2014.01.03"]
[Round "4.38"]
[White "Loewe,L"]
[Black "Gebhardt,Uw"]
[Result "1-0"]
[WhiteElo "2155"]
[BlackElo "2011"]

1.e4 g6 2.d4 Bg7 3.Nc3 d6 4.Be3 Nc6 5.d5 Ne5 6.f4 Nd7 7.Bd4 Bxd4 8.Qxd4 f6
9.h4 c5 10.Qe3 Qb6 11.O-O-O Nh6 12.Qd2 Nf7 13.Nf3 Rg8 14.Bc4 a6 15.Rhe1 Qc7
16.e5 fxe5 17.fxe5 dxe5 18.d6 Qxd6 19.Qe3 Qb8 20.Ng5 Nxg5 21.Bxg8 Nf6 22.hxg5 Nxg8
23.Qxc5 Bf5 24.g4 Bxg4 25.Qc4 Bxd1 26.Qxg8+ Kd7 27.Rxd1+ Kc7 28.Nd5+  1-0

[Event "19th Bosnjaci Open 2014"]
[Site "Bosnjaci CRO"]
[Date "2014.01.04"]
[Round "2.5"]
[White "Monjac,M"]
[Black "Fercec,N"]
[Result "0-1"]
[WhiteElo "2148"]
[BlackElo "2473"]

1.d4 d6 2.e4 g6 3.Nc3 Bg7 4.Be3 e6 5.Qd2 h6 6.O-O-O a6 7.h4 b5 8.Kb1 Nd7
9.Nce2 Bb7 10.f3 c5 11.Nc1 c4 12.g4 a5 13.c3 Ne7 14.Nge2 Qc7 15.Bg2 Nb6 16.h5 g5
17.f4 gxf4 18.Bxf4 O-O-O 19.g5 hxg5 20.Bxg5 Rdg8 21.Bf3 f6 22.Bf4 f5 23.Qe3 fxe4
24.Bxe4 Nbd5 25.Qh3 Nxf4 26.Bxb7+ Qxb7 27.Nxf4 Qe4+ 28.Ka1 Qxf4 29.Qxe6+ Kd8
30.Rde1 Qf6 31.h6 Qxe6 32.Rxe6 Kd7 33.Rhe1 Bf8  0-1

[Event "26th Staufer-Open A 2014"]
[Site "Schwaebisch Gmuend GER"]
[Date "2014.01.04"]
[Round "6.11"]
[White "Kuenstler,C"]
[Black "Kersten,U"]
[Result "1/2-1/2"]
[WhiteElo "2172"]
[BlackElo "2287"]

1.d4 g6 2.e4 Bg7 3.Nc3 d6 4.Nf3 a6 5.a4 b6 6.Bd3 Bb7 7.Ne2 Nd7 8.c3 e6 9.Ng3 Ngf6
10.O-O c5 11.Re1 cxd4 12.cxd4 O-O 13.Bd2 e5 14.dxe5 dxe5 15.Bc3 Qe7 16.b4 Rfc8
17.Qb3 Rc7 18.Rac1 Rac8 19.Bd2 Rxc1  1/2-1/2

[Event "26th Staufer-Open A 2014"]
[Site "Schwaebisch Gmuend GER"]
[Date "2014.01.05"]
[Round "7.31"]
[White "Jussupow,N"]
[Black "Wolf,Wa"]
[Result "1-0"]
[WhiteElo "2114"]
[BlackElo "2246"]

1.d4 g6 2.e4 Bg7 3.Nc3 d6 4.Be3 Nd7 5.Qd2 e5 6.Nge2 a6 7.a4 b6 8.f3 Bb7 9.h4 h6
10.g3 Ngf6 11.d5 Ng8 12.Bh3 Ne7 13.g4 f6 14.Ng3 Bf8 15.b3 Ng8 16.O-O-O Rh7
17.g5 fxg5 18.hxg5 h5 19.Nce2 Qe7 20.f4 exf4 21.Nxf4 Ne5 22.Be6 Rg7 23.Nfxh5 gxh5
24.Nf5 Qd8 25.Nxg7+ Bxg7 26.Bxg8 Bc8 27.Rxh5 Qe7 28.Be6 Bxe6 29.dxe6 O-O-O
30.Rh7 Nf3 31.Qd5 Kb8 32.c3 Ne5 33.Rf1 c6 34.Qd4 c5 35.Qd5 Ng4 36.Rf7  1-0

[Event "26th Staufer-Open A 2014"]
[Site "Schwaebisch Gmuend GER"]
[Date "2014.01.05"]
[Round "8.23"]
[White "Bluhm,S"]
[Black "Reschke,T"]
[Result "1/2-1/2"]
[WhiteElo "2077"]
[BlackElo "2193"]

1.e4 g6 2.d4 Bg7 3.Nc3 d6 4.f4 e6 5.Nf3 Ne7 6.Bd3 Nd7 7.O-O Nf6 8.Kh1 b6
9.Be3 Bb7 10.Qd2 Ng4 11.Bg1 Nh6 12.h3 O-O 13.Rae1 d5  1/2-1/2

[Event "26th Staufer-Open A 2014"]
[Site "Schwaebisch Gmuend GER"]
[Date "2014.01.05"]
[Round "8.25"]
[White "Wagner,Fl"]
[Black "Walter,F"]
[Result "1-0"]
[WhiteElo "2189"]
[BlackElo "2127"]

1.e4 g6 2.d4 Bg7 3.Nc3 d6 4.Nge2 a6 5.a4 b6 6.g3 Bb7 7.Bg2 e6 8.O-O Ne7 9.Be3 Nd7
10.Qd2 h6 11.Rad1 Rb8 12.Rfe1 Nf6 13.h3 b5 14.axb5 axb5 15.b4 Kf8 16.g4 Kg8
17.Ng3 Bc6 18.f4 Kh7 19.Nce2 Re8 20.g5 hxg5 21.fxg5 Nd7 22.Rf1 Kg8 23.h4 Nb6
24.Qd3 Nc4 25.Bc1 Ba8 26.h5 Rf8 27.hxg6 fxg6 28.Bh3 e5 29.Be6+ Kh7 30.Nh1 Ng8
31.Qh3+ Bh6 32.Rxf8 Qxf8 33.Rf1  1-0

[Event "19th Bosnjaci Open 2014"]
[Site "Bosnjaci CRO"]
[Date "2014.01.06"]
[Round "6.9"]
[White "Jakic,I"]
[Black "Bosnjak,N"]
[Result "1-0"]
[WhiteElo "2404"]
[BlackElo "2212"]

1.e4 d6 2.Nc3 g6 3.d4 Bg7 4.f4 a6 5.Nf3 b5 6.Bd3 Nd7 7.e5 c5 8.Ng5 Nf8 9.Be4 Rb8
10.dxc5 h6 11.Nf3 dxc5 12.Qxd8+ Kxd8 13.Be3  1-0